| 000 | 00734nam a2200265 a 4500 | ||
|---|---|---|---|
| 008 | |||
| 020 | _a186168083X (pbk.) | ||
| 049 | _aMAIN | ||
| 090 | _aHQ1073 BER | ||
| 245 | 1 | 0 | _aBereavement /[edited by] Craig Donnellan. |
| 260 |
_aCambridge : _bIndependence, _cc1999. |
||
| 300 |
_a44 p. :ill. ; _c30 cm. |
||
| 440 |
_aIssues ; _vV 41. |
||
| 504 | _aIncludes bibliographical references. | ||
| 500 | _aInludes index. | ||
| 650 | _aBereavement. | ||
| 650 | _aConsolation. | ||
| 700 | _aDonellan, Craig | ||
| 780 | _aIssues for the Nineties. | ||
| 907 |
_a.b10133264 _b12-03-07 _c18-08-04 |
||
| 003 | |||
| 005 | 20230123133810.0 | ||
| 040 | _cNUST | ||
| 942 |
_cBOOKS _kHQ1073 BER |
||
| 999 |
_c154814 _d154814 |
||